| 000 | 00395nam a2200145Ia 4500 | ||
|---|---|---|---|
| 008 | 230917s9999||||xx |||||||||||||| ||und|| | ||
| 040 |
_e32810 _aMAIN |
||
| 041 | _aEnglish | ||
| 082 | _a515.353 T154F | ||
| 100 | _aTanabe, Hiroki | ||
| 245 | 0 | _aFunctional analytic methods for partial differential equations | |
| 260 |
_aNew York _bMarcel Dekker _c1997 |
||
| 300 | _avii, 414 p. | ||
| 942 | _cBK | ||
| 999 |
_c105972 _d105972 |
||